000 00702nam a2200277Ia 4500
005 20260324113045.0
008 008 260324s9999 xx 000 0 eng d
020 _a9781003370376
037 _aEBOOK
040 _aCRL
040 _beng
040 _cCRL
041 _2eng
041 _aeng
084 _qCRL
100 _aSajid Ali; Shabir Ahmad Mir; B.N. Dar; Shaghef Ejaz
_91145239
245 0 _aSustainable Postharvest Technologies for Fruits and Vegetables
260 _bTaylor and Francis
260 _c2024
365 _a
365 _b435
856 _uhttp://www.taylorfrancis.com/books/9781003370376
942 _cEBOOK
999 _c1734691
_d1734691